000 01044nam a2200289 i 4500
005 20210727153357.0
007 ta
008 161108s2012 sp a gr 000 j spa d
020 _a9788489825390
020 _a8489825394
040 _aCO-BoRNBP
_bspa
_cCO-BoRNBP
_erda
084 _aC BES2
100 1 _aBeskow, Elsa,
_d1874-1953,
_eautora
245 1 0 _aAna en la granja
_cBilderbok y Elsa Beskow ; traducción del sueco Anna Puig de la Bellacasa ; versión castellana Ignasi Roda Fábregas
250 _aPrimera edición
264 1 _aBarcelona
_bING
_bMonserrate
_c2007
_c2012
300 _a[26] páginas
_bilustraciones a color
_c22 cm
336 _atexto
_btxt
_2rdacontent
337 _asin mediación
_bn
_2rdamedia
338 _avolumen
_bnc
_2rdacarrier
650 1 7 _aCuentos infantiles suecos
_ySiglo XX
_2ARMARC
650 1 7 _aLiteratura infantil sueca
_ySiglo XX
_2ARMARC
650 1 7 _aNiños
_vCuentos
_2ARMARC
700 1 _aPuig de la Bellacasa, Anna,
_etraductora
700 1 _aRoda Fàbregas, Ignasi,
_etraductor
942 _2loc
_cBKLIT
999 _c6976
_d6976